Análisis de la validez discriminante del eating attitudes test mediante el modelo de rasch = Analysis of the discriminant validity of the eating attitudes test through the rasch model /
Salvato in:
| Autore principale: | |
|---|---|
| Altri autori: | |
| Natura: | testo |
| Tags: |
Aggiungi Tag
Nessun Tag, puoi essere il primo ad aggiungerne!!
|
MARC
| LEADER | 00000 a a2200000 04500 | ||
|---|---|---|---|
| 001 | 48595 | ||
| 003 | |||
| 040 | |||
| 100 | |a Salazar Mora, Zaida | ||
| 245 | |a Análisis de la validez discriminante del eating attitudes test mediante el modelo de rasch = |b Analysis of the discriminant validity of the eating attitudes test through the rasch model / |c Zaida Salazar Mora, Jorge Esteban Prado-Calderón | ||
| 700 | |a Prado-Calderón, Jorge Esteban | ||
| 773 | |g volumen94, número1, (2014), páginas 123-135 : tablas, gráficos | ||
| 999 | |c 38831 |d 38831 | ||
